| 000 | 01463nam a2200337 i 4500 | ||
|---|---|---|---|
| 003 | EG-ScBUE | ||
| 005 | 20240208102245.0 | ||
| 008 | 220731s2024 ua f 000 0 ara d | ||
| 017 | _a2023 / 27204 | ||
| 020 | _a9789778063868 | ||
| 040 |
_aEG-ScBUE _bara _erda _cEG-ScBUE _dEG-ScBUE |
||
| 041 | 1 |
_aara _heng |
|
| 082 | 0 | 4 |
_222 _a158.1 _bز هـ ا |
| 100 | 1 |
_aزهاريادس، ديمون، _eمؤلف. |
|
| 240 | 1 | 0 |
_aArt of letting go : how to release what's holding you back, move on with your life, and finally enjoy emotional freedom!. _lArabic |
| 245 | 1 | 0 |
_aسيكولوجية الرحيل / _cديمون زهاريادس ؛ ترجمة أمل الشربيني. |
| 246 | 3 | 4 |
_aسيكولوجية الرحيل : _bكيف نرحل ونتجاوز ونترك أعباء الماضي خلف ظهورنا ؟ |
| 250 | _aالطبعة العربية الأولى. | ||
| 264 | 1 |
_aالقاهرة : _bدار دون للنشر والتوزيع، _c2024. |
|
| 300 |
_a207 صفحة ؛ _c20 سم |
||
| 336 |
_2rdacontent _aنص _btxt |
||
| 337 |
_2rdamedia _aبدون وسيط _bn |
||
| 338 |
_2rdacarrier _aمجلد _bnc |
||
| 541 | _aBook Fair 2024. | ||
| 546 | _aالنص باللغة العربية وتم ترجمته من اللغة الإنجليزية. | ||
| 650 | 7 |
_aإحترام الذات (علم النفس). _2BUEsh |
|
| 653 |
_cFebruary2024 _bHHUUPPSS |
||
| 655 | _vReading book | ||
| 700 | 1 |
_aشربيني، أمل، _eمترجم. |
|
| 942 | _2ddc | ||
| 999 |
_c30641 _d30612 |
||